000 01157nam a2200325 a 4500
001 000113429
003 CHAP
005 20220329144354.0
008 170622s2016 mx a fsm |||||||spa d
010 _a109890
011 _a110862
040 _cCHAP
090 _aTesis
100 1 _aJuárez Ramos, Julio Cesar
_9132687
245 1 0 _aFormas tradicionales de control de la tuza en cuatro comunidades del municipio de Totutla, Veracruz /
_h[En línea]
_cpor Julio Cesar Juárez Ramos.
260 _aHuatusco, Ver. :
_bEl autor,
_c2016.
500 _aPara ver el contenido del material haga clic en la liga
502 _aTesis (Ing. Agr. Esp. en Zonas Tropicales) -- UACH. Centros Regionales Universitarios
590 _aE6096MTM
_b05
_c20170622
_lUCH01
_h1354
590 _aE6096MTM
_b05
_c20170622
_lUCH01
_h1400
590 _aE6096MTM
_b05
_c20170622
_lUCH01
_h1403
650 1 4 _aControl de plagas.
_927595
650 1 4 _aRodenticidas.
_998242
650 1 4 _aRoedores
_xExterminio.
_999029
650 1 4 _aTuzas.
_9115712
856 _aFinding aid
_uhttp://10.13.5.2/tesis/sist113429.pdf
_zTeclea aquí
901 _aBK
942 _cTESIS
942 _n0
999 _c109890
_d109890